[Event "TCh-RUS Women 2022"]
[Site "Sochi RUS"]
[Date "2022.05.03"]
[Round "3.1"]
[Board "4"]
[White "Guseva, Marina"]
[Black "Voit, Daria"]
[Result "1-0"]
[WhiteTitle "IM"]
[BlackTitle "WGM"]
[WhiteElo "2365"]
[BlackElo "2350"]
[WhiteTeam "Yugra (KhMAO - Yugra)"]
[BlackTeam "Shakhmatnaya sbornaya Moskvy"]
[WhiteFideId "4149351"]
[BlackFideId "4182146"]
[EventDate "2022.05.01"]

1. d4 Nf6 2. c4 e6 3. Nf3 d5 4. g3 Bb4+ 5. Bd2 Bd6 6. Nc3 O-O 7. Bg5 Be7 8. Bg2
Nbd7 9. O-O c6 10. Qd3 b6 11. cxd5 cxd5 12. Rfc1 a6 13. Na4 Ne4 14. Bxe7 Qxe7
15. Ne5 Nxe5 16. dxe5 Qb4 17. Bxe4 Qxa4 18. Bxh7+ Kh8 19. Rc7 Qg4 20. Qa3 Bd7
21. Rxd7 Kxh7 22. Qd3+ Kg8 23. Rc7 Qb4 24. Qc3 Qe4 25. e3 b5 26. Rc1 a5 27. Qd4
Qf5 28. Kg2 b4 29. h4 Qg6 30. f3 Qh5 31. Qf4 Qg6 32. Qd4 Qh5 33. f4 Qe2+ 34. Kh3
a4 35. R7c2 Qf3 36. Qd3 d4 37. Qxd4 Rad8 38. Qxb4 Qxe3 39. Qe1 Qd3 40. Qe2 Qd5
41. Rc4 Qb5 42. Re4 Qa5 43. Rd1 a3 44. bxa3 Qxa3 45. Rxd8 Rxd8 46. Rc4 Qa8 47.
a4 Qh1+ 48. Kg4 g6 49. Rc2 Qb1 50. Kh3 Rd1 51. a5 Re1 52. Qd3 Kg7 53. a6 Qa1 54.
Rd2 Rh1+ 55. Kg4 Qg1 56. Qd8 Kh7 57. Rd7 1-0

[Event "TCh-RUS Women 2022"]
[Site "Sochi RUS"]
[Date "2022.05.03"]
[Round "3.2"]
[Board "1"]
[White "Gunina, Valentina"]
[Black "Potapova, Margarita"]
[Result "1-0"]
[WhiteTitle "GM"]
[BlackTitle "WIM"]
[WhiteElo "2471"]
[BlackElo "2249"]
[WhiteTeam "Yuzhnyy Ural - 1 (Chelyabinskaya oblast)"]
[BlackTeam "Krasnodar-Krym"]
[WhiteFideId "4167570"]
[BlackFideId "14126869"]
[EventDate "2022.05.01"]

1. d4 Nf6 2. c4 e6 3. Nf3 a6 4. Bg5 d5 5. cxd5 exd5 6. Nc3 Be6 7. e3 Nbd7 8. Bd3
h6 9. Bf4 g5 10. Bg3 Nh5 11. O-O Nxg3 12. fxg3 c6 13. Bc2 Bg7 14. Qd3 Qc7 15.
Rae1 O-O-O 16. b4 Nb6 17. a4 Nc4 18. b5 Nb2 19. Qd2 Nc4 20. Qc1 Qa5 21. Bd3 axb5
22. axb5 cxb5 23. Qc2 Kb8 24. Ra1 Qb6 25. Rfb1 b4 26. Na4 Qb5 27. Qb3 Bf8 28.
Ne5 Bd6 29. Nc3 Qe8 30. Bxc4 dxc4 31. Qa2 Bxe5 32. Qa7+ Kc8 33. dxe5 Qe7 34. Ne4
Bd5 35. Nd6+ Rxd6 36. exd6 Qe4 37. Qc5+ Bc6 38. Rb2 Kd7 39. Rf2 f5 40. Qxb4 Re8
41. Rd1 Re6 42. h3 Qxe3 43. Qa5 Rxd6 44. Qxf5+ Kc7 45. Qf7+ Rd7 46. Rxd7+ Bxd7
47. Qxc4+ Bc6 48. Qf7+ Kb6 49. Kh2 Qc3 50. Qf8 Qd4 51. Ra2 h5 52. Qb8 Kb5 53.
Qa8 Qb4 54. Qh8 Qe4 55. Rb2+ Kc4 56. Qf8 Qe5 57. Qf1+ Kc5 58. Re2 Qd5 59. Qf2+
Kc4 60. Rc2+ Kb3 61. Rb2+ Kc3 62. Rb1 Qe4 63. Qc5+ Kd3 64. Rb3+ Ke2 65. Rb2+ Kd3
66. Qc2+ 1-0

[Event "TCh-RUS Women 2022"]
[Site "Sochi RUS"]
[Date "2022.05.03"]
[Round "3.2"]
[Board "2"]
[White "Illina, Natalia"]
[Black "Badelka, Olga"]
[Result "0-1"]
[WhiteTitle "WFM"]
[BlackTitle "IM"]
[WhiteElo "2099"]
[BlackElo "2453"]
[WhiteTeam "Krasnodar-Krym"]
[BlackTeam "Yuzhnyy Ural - 1 (Chelyabinskaya oblast)"]
[WhiteFideId "14129418"]
[BlackFideId "13509926"]
[EventDate "2022.05.01"]

1. e4 c5 2. Nf3 e6 3. d3 Nc6 4. g3 g6 5. Bg2 Bg7 6. O-O Nge7 7. Re1 d6 8. Nbd2
O-O 9. c3 e5 10. Nc4 h6 11. a4 Be6 12. Bd2 f5 13. exf5 Nxf5 14. Qe2 Qd7 15. Rad1
Rae8 16. Bc1 Kh7 17. Qc2 Qc7 18. Ne3 Qf7 19. Nc4 Bd5 20. Ncd2 Nfd4 21. cxd4 Nxd4
22. Qb1 Bxf3 23. Nxf3 Nxf3+ 24. Bxf3 Qxf3 25. Qc2 Rf5 26. Rd2 Ref8 27. Qc4 h5
28. Rde2 Qc6 29. Be3 b6 30. b4 d5 31. Qc1 d4 32. Bg5 Qf3 33. bxc5 bxc5 34. h4
Qxd3 35. Rd2 Qb3 36. Rb2 Qf7 37. f4 c4 38. Qb1 Qd5 39. Rb7 d3 40. Qb5 Qd4+ 41.
Kg2 exf4 42. Rxg7+ Qxg7 43. Qxc4 d2 44. Rd1 Qb7+ 45. Kg1 fxg3 46. Qd3 g2 0-1

[Event "TCh-RUS Women 2022"]
[Site "Sochi RUS"]
[Date "2022.05.03"]
[Round "3.2"]
[Board "3"]
[White "Maltsevskaya, Aleksandra"]
[Black "Goganova, Yana"]
[Result "1-0"]
[WhiteTitle "IM"]
[BlackTitle "WFM"]
[WhiteElo "2396"]
[BlackElo "1974"]
[WhiteTeam "Yuzhnyy Ural - 1 (Chelyabinskaya oblast)"]
[BlackTeam "Krasnodar-Krym"]
[WhiteFideId "24174041"]
[BlackFideId "34115428"]
[EventDate "2022.05.01"]

1. e4 e5 2. Nf3 Nc6 3. Bb5 Nf6 4. d3 Bc5 5. Bxc6 dxc6 6. Nbd2 Be6 7. O-O Nd7 8.
Nb3 Be7 9. Na5 Rb8 10. d4 Bg4 11. dxe5 Bxf3 12. Qxf3 Nxe5 13. Qc3 Bf6 14. f4 Ng4
15. e5 Bh4 16. h3 Bf2+ 17. Rxf2 Nxf2 18. Kxf2 O-O 19. Be3 Qd5 20. Nb3 f6 21. Kg1
fxe5 22. Qxe5 Rbe8 23. Qxd5+ cxd5 24. Bd2 b6 25. Nd4 c5 26. Nf3 Re2 27. Rd1 h6
28. c3 Rfe8 29. Kf1 Kh7 30. Ne5 Re4 31. Bc1 d4 32. cxd4 cxd4 33. Kf2 Rf8 34. Nc6
d3 35. Be3 Rc4 36. Nd4 g5 37. f5 Rd8 38. Rxd3 Rc2+ 39. Kf3 Rxb2 40. Rc3 Rd7 41.
Ne6 Rxa2 42. Nf8+ 1-0

[Event "TCh-RUS Women 2022"]
[Site "Sochi RUS"]
[Date "2022.05.03"]
[Round "3.2"]
[Board "4"]
[White "Porozhnyak, Maya"]
[Black "Solozhenkina, Elizaveta"]
[Result "1/2-1/2"]
[BlackTitle "WGM"]
[WhiteElo "1901"]
[BlackElo "2283"]
[WhiteTeam "Krasnodar-Krym"]
[BlackTeam "Yuzhnyy Ural - 1 (Chelyabinskaya oblast)"]
[WhiteFideId "34115843"]
[BlackFideId "34106615"]
[EventDate "2022.05.01"]

1. e4 c6 2. d4 d5 3. exd5 cxd5 4. Bb5+ Bd7 5. Bd3 Nc6 6. c3 Qc7 7. Nf3 Bg4 8.
O-O e6 9. h3 Bh5 10. Re1 Bd6 11. Be3 Nge7 12. Nbd2 Bg6 13. Nf1 O-O 14. Bg5 f6
15. Bh4 Bf7 16. Bg3 Rad8 17. Rc1 a6 18. Qe2 Rfe8 19. Bxd6 Qxd6 20. Ng3 Ng6 21.
Qc2 Rc8 22. Qb1 Kh8 23. h4 Nf4 24. h5 Nxd3 25. Qxd3 Qf4 26. Qe3 Qxe3 27. Rxe3
Na5 28. Ne1 Nc4 29. Re2 e5 30. b3 Nd6 31. dxe5 fxe5 32. Nf3 e4 33. Ng5 Bg8 34.
Rd2 h6 35. Nh3 e3 36. Rd3 exf2+ 37. Kxf2 Rf8+ 38. Kg1 Rc7 39. Ne2 Ne4 40. Nhf4
Rfc8 41. Nxd5 Bxd5 42. Rxd5 Nxc3 43. Nxc3 Rxc3 44. Rxc3 Rxc3 1/2-1/2

[Event "TCh-RUS Women 2022"]
[Site "Sochi RUS"]
[Date "2022.05.04"]
[Round "4.1"]
[Board "1"]
[White "Pogonina, Natalija"]
[Black "Gunina, Valentina"]
[Result "1/2-1/2"]
[WhiteTitle "WGM"]
[BlackTitle "GM"]
[WhiteElo "2472"]
[BlackElo "2471"]
[WhiteTeam "Yugra (KhMAO - Yugra)"]
[BlackTeam "Yuzhnyy Ural - 1 (Chelyabinskaya oblast)"]
[WhiteFideId "4147855"]
[BlackFideId "4167570"]
[EventDate "2022.05.01"]

1. Nf3 d5 2. g3 c6 3. Bg2 Bg4 4. O-O Nd7 5. h3 Bxf3 6. Bxf3 e6 7. d3 Bc5 8. Bg2
Ne7 9. e4 O-O 10. Nc3 f5 11. exd5 exd5 12. Ne2 Ng6 13. Nf4 Qf6 14. Nxg6 hxg6 15.
h4 Qf7 16. Bf4 Nf6 17. Bf3 Rfe8 18. Qd2 Re6 19. Rfe1 Rae8 20. Rxe6 Qxe6 21. Kf1
Bd6 22. Bxd6 Qxd6 23. Re1 Rxe1+ 24. Qxe1 b6 25. a4 Kf7 26. a5 Nd7 27. axb6 axb6
28. d4 Nf8 29. Qa1 Kf6 30. Qa8 Ne6 31. c3 g5 32. hxg5+ Nxg5 33. Bh5 g6 34. Be2
b5 35. Bd3 Nf7 36. Qc8 Nd8 37. Kg2 Ke7 38. Kf1 Kf7 39. Bc2 b4 40. Ba4 bxc3 41.
bxc3 Ke7 42. Kg2 Kf6 43. Kf1 Kg7 44. Kg2 Kf6 45. Kf1 Ke7 46. Kg2 Qd7 47. Qb8 Kf7
48. Qe5 Qe7 49. Qxe7+ Kxe7 50. Kf3 Kd6 51. g4 Ne6 52. gxf5 gxf5 53. Bc2 Nc7 54.
Bd3 c5 55. Bxf5 Nb5 56. dxc5+ Kxc5 57. Be6 Nxc3 1/2-1/2

[Event "TCh-RUS Women 2022"]
[Site "Sochi RUS"]
[Date "2022.05.04"]
[Round "4.1"]
[Board "2"]
[White "Badelka, Olga"]
[Black "Girya, Olga"]
[Result "0-1"]
[WhiteTitle "IM"]
[BlackTitle "GM"]
[WhiteElo "2453"]
[BlackElo "2408"]
[WhiteTeam "Yuzhnyy Ural - 1 (Chelyabinskaya oblast)"]
[BlackTeam "Yugra (KhMAO - Yugra)"]
[WhiteFideId "13509926"]
[BlackFideId "4195752"]
[EventDate "2022.05.01"]

1. d4 Nf6 2. c4 e6 3. Nc3 Bb4 4. e3 O-O 5. Bd3 d5 6. cxd5 exd5 7. a3 Bd6 8. Qc2
a6 9. Nge2 Re8 10. O-O Nbd7 11. Bd2 c6 12. Rad1 b6 13. Ng3 Bb7 14. e4 dxe4 15.
Ncxe4 Nxe4 16. Nxe4 Be7 17. Rfe1 h6 18. Qb3 b5 19. Bb1 Nf8 20. Re3 Qd5 21. Qc2
c5 22. dxc5 Rad8 23. Ree1 Bxc5 24. Ba5 Bxf2+ 25. Kf1 Bxe1 26. Rxd5 Rxd5 27. Bxe1
Rde5 28. Nf6+ gxf6 29. Bc3 Be4 30. Qc1 Bxb1 31. Qxb1 R5e6 32. Qc1 Kg7 33. h4 Re4
34. Qd2 R8e6 35. Qf2 Ng6 36. g3 Ne5 37. Qc5 Ng4 38. Kg1 Re3 39. Kg2 Re2+ 40. Kg1
R2e3 41. Bb4 Rxg3+ 42. Kf1 Re8 43. Qc6 Rf3+ 44. Kg1 Rg3+ 45. Kf1 Nh2+ 46. Kf2
Rf3+ 47. Kg1 Re2 0-1

[Event "TCh-RUS Women 2022"]
[Site "Sochi RUS"]
[Date "2022.05.04"]
[Round "4.1"]
[Board "3"]
[White "Garifullina, Leya"]
[Black "Maltsevskaya, Aleksandra"]
[Result "1/2-1/2"]
[WhiteTitle "WGM"]
[BlackTitle "IM"]
[WhiteElo "2402"]
[BlackElo "2396"]
[WhiteTeam "Yugra (KhMAO - Yugra)"]
[BlackTeam "Yuzhnyy Ural - 1 (Chelyabinskaya oblast)"]
[WhiteFideId "34127035"]
[BlackFideId "24174041"]
[EventDate "2022.05.01"]

1. e4 c5 2. Nf3 d6 3. d4 cxd4 4. Nxd4 Nf6 5. Nc3 Nc6 6. Bg5 e6 7. Qd2 Be7 8.
O-O-O O-O 9. Be2 Nxd4 10. Qxd4 Nxe4 11. Nxe4 Bxg5+ 12. Nxg5 Qxg5+ 13. f4 Qa5 14.
a3 d5 15. h4 Bd7 16. h5 h6 17. g4 Rac8 18. g5 Qa4 19. Qxa4 Bxa4 20. Bd3 hxg5 21.
fxg5 e5 22. Bf5 Rc5 23. Rh3 e4 24. b3 Bc6 25. b4 Rc4 26. b5 Bxb5 27. Rxd5 Ba4
28. Rd2 Re8 29. g6 fxg6 30. hxg6 e3 31. Re2 Rc5 32. Bd3 Rce5 33. Bc4+ Kf8 34.
Rf3+ Ke7 35. Rf7+ Kd6 36. Rxg7 Rg5 37. Bd3 Bc6 38. Rf7 Ree5 39. g7 Bd5 40. Rf6+
Ke7 41. Rh6 Be6 42. Rh7 Kf6 43. Kb2 Rxg7 44. Rxg7 Kxg7 45. Kc3 Kf6 46. Kd4 Ra5
47. Rxe3 Rxa3 48. Re1 b6 49. Bc4 Bf5 50. Bb3 Ra5 51. Re8 Rc5 52. Rf8+ Kg6 53.
Rg8+ Kh6 54. Rh8+ Kg5 55. Rg8+ Kf4 56. Rf8 Rc6 57. Bd5 Rh6 58. c4 Kg5 59. c5
bxc5+ 60. Kxc5 Rh7 61. Rg8+ Kf4 62. Rf8 Rc7+ 63. Kd6 Rd7+ 64. Kc5 Ke5 65. Re8+
Kf6 66. Rf8+ Kg6 67. Rg8+ Kh7 68. Rf8 Bg6 69. Rb8 Kh6 70. Rb7 Rxb7 71. Bxb7 Bd3
72. Kb4 1/2-1/2

[Event "TCh-RUS Women 2022"]
[Site "Sochi RUS"]
[Date "2022.05.04"]
[Round "4.1"]
[Board "4"]
[White "Goltseva, Ekaterina"]
[Black "Guseva, Marina"]
[Result "0-1"]
[WhiteTitle "FM"]
[BlackTitle "IM"]
[WhiteElo "2291"]
[BlackElo "2365"]
[WhiteTeam "Yuzhnyy Ural - 1 (Chelyabinskaya oblast)"]
[BlackTeam "Yugra (KhMAO - Yugra)"]
[WhiteFideId "24173770"]
[BlackFideId "4149351"]
[EventDate "2022.05.01"]

1. d4 d5 2. c4 c6 3. Nf3 Nf6 4. g3 dxc4 5. Bg2 g6 6. O-O Bg7 7. a4 Ne4 8. Nc3
Nd6 9. e4 Bg4 10. Be3 Na6 11. h3 Bxf3 12. Qxf3 O-O 13. Qe2 Nb4 14. g4 a5 15. e5
Nc8 16. f4 Nb6 17. f5 N6d5 18. Rad1 Qb6 19. Bf2 Nf4 20. Qxc4 Nxg2 21. Kxg2 Rad8
22. d5 Qc7 23. d6 exd6 24. f6 d5 25. Qf4 Bh8 26. Bc5 Rfe8 27. Bd6 Qd7 28. g5 h5
29. Ne2 b6 30. Nd4 c5 31. Nf3 Rc8 32. Nh4 Kh7 33. Qf3 Qxa4 34. Rd2 Qd7 35. Kh2
d4 36. Ng2 Qc6 37. Qg3 Nd5 38. Re1 Re6 39. Nf4 Nxf4 40. Qxf4 Rce8 41. Rf1 Kg8
42. Qf3 Qd7 43. Rd3 Rc8 44. Rc1 Ree8 45. Kg2 Kh7 46. Re1 Kg8 47. Rb3 Rc6 48. Rd1
Rec8 49. Rbd3 Qe6 50. Ra3 Qd7 51. Qd3 Qe6 52. Ra4 Qd7 53. Rda1 Qe6 54. R4a3 Qd7
55. Rf1 Qe6 56. h4 Qg4+ 57. Qg3 Qe6 58. Qh3 Qd5+ 59. Kg1 c4 60. Qd7 R6c7 61. Qh3
Rc6 62. Qg2 Qe6 63. Qh3 Qd5 64. Qf3 Qe6 65. Rc1 Qd7 66. Qe4 d3 67. Qg2 a4 68.
Rcc3 b5 69. Ra1 Qe6 70. Rd1 Qd7 71. Qf3 Qe6 72. Kg2 Qd7 73. Kg3 Qe6 74. Kh2 Qd7
75. Kg2 Qe6 76. Kf2 Qd7 77. Rcc1 Qa7+ 78. Qe3 Qd7 79. Qe4 Qa7+ 80. Kg2 Qd7 81.
Rd2 Qe8 82. Qd4 Qd7 83. Rf2 Qe6 84. Rf4 Qd7 85. Bb4 Qe6 86. Re1 Qe8 87. Qd5 Re6
88. Rd4 Ra8 89. Qd7 Rxe5 90. Qxe8+ Rexe8 91. Rxe8+ Rxe8 92. Kf3 Bxf6 93. gxf6
Re5 94. Rd8+ Kh7 95. Rf8 g5 96. Bc3 Rf5+ 97. Ke4 Rf4+ 98. Ke3 Rxh4 99. Rxf7+ Kh6
100. Rb7 Rf4 101. Be5 Rf5 102. Ke4 Rf1 103. Rb6 Kg6 104. Bc3 h4 105. Rb8 h3 106.
Rg8+ Kf7 107. Rg7+ Ke8 108. f7+ Rxf7 109. Rxg5 Rf2 110. Rh5 d2 111. Rh8+ Rf8
112. Rxf8+ Kxf8 113. Bxd2 h2 0-1

[Event "TCh-RUS Women 2022"]
[Site "Sochi RUS"]
[Date "2022.05.04"]
[Round "4.2"]
[Board "1"]
[White "Miroshnik, Ekaterina"]
[Black "Lagno, Kateryna"]
[Result "0-1"]
[WhiteTitle "WFM"]
[BlackTitle "GM"]
[WhiteElo "2169"]
[BlackElo "2550"]
[WhiteTeam "Zvyozdochki (Novosibirskaya oblast)"]
[BlackTeam "Shakhmatnaya sbornaya Moskvy"]
[WhiteFideId "34127698"]
[BlackFideId "14109336"]
[EventDate "2022.05.01"]

1. c4 e5 2. Nc3 Bb4 3. g3 Bxc3 4. dxc3 d6 5. Bg2 Nc6 6. e4 Be6 7. b3 Qd7 8. Be3
Nge7 9. Qd2 f5 10. Nf3 h6 11. exf5 Nxf5 12. Qe2 O-O 13. O-O a5 14. Nd2 a4 15.
Ne4 Na5 16. Nd2 Qf7 17. Rfd1 Rae8 18. Rab1 Kh8 19. Qd3 b6 20. Rf1 Ne7 21. f4 Bf5
22. Be4 Bxe4 23. Nxe4 exf4 24. Bxf4 Qg6 25. b4 Nxc4 26. Qxc4 d5 27. Qxc7 dxe4
28. Qd6 Rf6 29. Qd7 Nf5 30. Rbe1 Rc6 31. Bc1 Nxg3 32. Rf2 Rd6 33. Qxa4 Ne2+ 34.
Kh1 Nxc1 35. Rg2 Qf7 36. Rxc1 e3 37. Qc2 Rf6 38. Rcg1 Rf2 39. Qd3 e2 40. Re1
Rf1+ 41. Rg1 Qb7+ 0-1

[Event "TCh-RUS Women 2022"]
[Site "Sochi RUS"]
[Date "2022.05.04"]
[Round "4.2"]
[Board "6"]
[White "Shuvalova, Polina"]
[Black "Loskutova, Viktoriya"]
[Result "1-0"]
[WhiteTitle "IM"]
[BlackTitle "WFM"]
[WhiteElo "2493"]
[BlackElo "2145"]
[WhiteTeam "Shakhmatnaya sbornaya Moskvy"]
[BlackTeam "Zvyozdochki (Novosibirskaya oblast)"]
[WhiteFideId "24171760"]
[BlackFideId "34166278"]
[EventDate "2022.05.01"]

1. e4 c5 2. Nf3 d6 3. Bb5+ Nd7 4. d4 cxd4 5. Nxd4 Nf6 6. O-O a6 7. Ba4 g6 8. c4
Bg7 9. Nc3 O-O 10. h3 Nb6 11. Bb3 Nfd7 12. Be3 Nc5 13. Qe2 Bd7 14. Rad1 Qc7 15.
f4 Ba4 16. Bxa4 Ncxa4 17. Nd5 Nxd5 18. exd5 Nc5 19. f5 Nd7 20. h4 Ne5 21. b3 b5
22. cxb5 axb5 23. Nxb5 Qa5 24. a4 Qb4 25. Nd4 Bf6 26. fxg6 hxg6 27. h5 Qa5 28.
hxg6 Qxd5 29. Rxf6 exf6 30. g7 Rfe8 31. Nf5 Qe4 32. Qh5 Ng6 33. Rd4 Qb1+ 34. Kh2
Re4 35. Nh6+ Kxg7 36. Nf5+ Kg8 37. Qh6 Rh4+ 38. Nxh4 Re8 39. Rg4 1-0

[Event "TCh-RUS Women 2022"]
[Site "Sochi RUS"]
[Date "2022.05.04"]
[Round "4.2"]
[Board "7"]
[White "Kleymenova, Valeria"]
[Black "Bivol, Alina"]
[Result "0-1"]
[BlackTitle "IM"]
[WhiteElo "2209"]
[BlackElo "2370"]
[WhiteTeam "Zvyozdochki (Novosibirskaya oblast)"]
[BlackTeam "Shakhmatnaya sbornaya Moskvy"]
[WhiteFideId "34219366"]
[BlackFideId "4100123"]
[EventDate "2022.05.01"]

1. d4 d5 2. c4 e6 3. Nf3 Nf6 4. g3 dxc4 5. Bg2 c6 6. O-O b5 7. Ne5 Bb7 8. a4 a6
9. b3 cxb3 10. Qxb3 Qxd4 11. Bb2 Qb4 12. Qc2 Qc5 13. Qd3 Be7 14. Nd2 Qb6 15. Ne4
Nd5 16. Nxf7 Kxf7 17. Qf3+ Ke8 18. Bxg7 Rg8 19. Qh5+ Kd8 20. Qf7 Rxg7 21. Qxg7
Nd7 22. Bh3 c5 23. axb5 axb5 24. Rxa8+ Bxa8 25. Qg8+ Nf8 26. Ng5 Nc7 27. Nxh7
Qd6 28. Bg2 Bxg2 29. Kxg2 Kd7 30. Nxf8+ Bxf8 31. e4 c4 32. Qg4 Kc8 33. Rd1 Qc5
34. h4 c3 35. Qe2 b4 36. Qa2 Qb5 37. Qc2 Qc4 38. Rb1 Nb5 0-1

[Event "TCh-RUS Women 2022"]
[Site "Sochi RUS"]
[Date "2022.05.04"]
[Round "4.2"]
[Board "8"]
[White "Borisova, Ekaterina"]
[Black "Zhapova, Yana"]
[Result "0-1"]
[WhiteTitle "FM"]
[BlackTitle "WIM"]
[WhiteElo "2248"]
[BlackElo "2206"]
[WhiteTeam "Shakhmatnaya sbornaya Moskvy"]
[BlackTeam "Zvyozdochki (Novosibirskaya oblast)"]
[WhiteFideId "34124184"]
[BlackFideId "24278670"]
[EventDate "2022.05.01"]

1. d4 d5 2. c4 e6 3. Nf3 Nf6 4. g3 Bb4+ 5. Nbd2 O-O 6. Bg2 b6 7. O-O Bb7 8. Ne5
Re8 9. a3 Bf8 10. b4 Nbd7 11. Bb2 c5 12. Qa4 Qc7 13. cxd5 exd5 14. bxc5 bxc5 15.
Rac1 Nxe5 16. dxe5 Nd7 17. Nf3 Nb6 18. Qa5 Qd8 19. Nd2 Bc6 20. Ba1 Nd7 21. Qxd8
Raxd8 22. f4 Bb5 23. a4 Bxa4 24. Bxd5 Nxe5 25. e4 Nd3 26. Rc3 Nb4 27. Ra3 Bb5
28. Bc4 Bxc4 29. Nxc4 Rxe4 30. Ne5 f6 31. Ng4 f5 32. Ne5 c4 33. Ra5 Rd5 34. Rxd5
Nxd5 35. Rd1 c3 36. Rc1 Ba3 37. Rxc3 Nxc3 38. Bxc3 Bc5+ 39. Kf1 Bd4 0-1

[Event "TCh-RUS Women 2022"]
[Site "Sochi RUS"]
[Date "2022.05.05"]
[Round "5.1"]
[Board "1"]
[White "Shafigullina, Zarina"]
[Black "Pogonina, Natalija"]
[Result "1/2-1/2"]
[WhiteTitle "WFM"]
[BlackTitle "WGM"]
[WhiteElo "2196"]
[BlackElo "2472"]
[WhiteTeam "Ladya (Respublika Tatarstan)"]
[BlackTeam "Yugra (KhMAO - Yugra)"]
[WhiteFideId "24174220"]
[BlackFideId "4147855"]
[EventDate "2022.05.01"]

1. Nf3 d5 2. d4 Nf6 3. Bf4 c5 4. e3 Nc6 5. Nbd2 cxd4 6. exd4 Qb6 7. Nb3 Bg4 8.
Be2 e6 9. O-O Be7 10. c3 O-O 11. Ne1 Bxe2 12. Qxe2 a5 13. Nd3 a4 14. Nd2 a3 15.
b3 Na7 16. Ne5 Nb5 17. Rac1 Rac8 18. Qd3 Rfd8 19. Rfe1 Nh5 20. Be3 Qa5 21. c4
dxc4 22. Ndxc4 Qa6 23. Nxf7 Rd5 24. Nce5 Rf8 25. g4 Nf6 26. g5 Nd7 27. Nxd7 Rxd7
28. Ne5 Rd5 29. Red1 Qb6 30. Qe4 Nd6 31. Qg4 Nf5 32. h4 Qd8 33. Qe4 Bd6 34. Nc4
Re8 35. Nxd6 Nxd6 36. Qg4 Nf5 37. Rc4 Qa5 38. Bd2 Qd8 39. Be3 Qa5 40. Bd2 Qd8
41. Be3 Qa5 42. b4 Qb5 43. Rdc1 Rdd8 44. h5 b6 45. h6 g6 46. Qf4 Rf8 47. Qe4
Rde8 48. Bf4 Qd5 49. Qxd5 exd5 50. Rc7 Re4 51. Be5 Rg4+ 52. Kf1 Rxg5 53. Ke2 Re8
54. Kd3 Rh5 55. Rd7 Rh3+ 56. Kd2 Rxh6 57. Rxd5 Rh5 58. Rd7 Re7 59. Rd8+ Kf7 60.
Rc6 Re6 61. Rd7+ Ne7 62. Rxe6 Kxe6 63. Rd6+ Kf5 64. Rxb6 Rh3 65. Rf6+ Ke4 66.
Rf4+ Kd5 67. Rf7 Nc6 68. Rd7+ Kc4 69. Rc7 Kb5 70. Rb7+ Ka6 71. Rc7 Nxb4 72. Rc3
Rxc3 73. Kxc3 Nxa2+ 74. Kb3 Nc1+ 75. Kxa3 Nd3 76. Bg3 Kb5 77. Kb3 Nc1+ 78. Kc2
Ne2 79. Kd3 Nxg3 80. fxg3 Kc6 81. Ke4 Kd6 82. g4 h5 83. gxh5 1/2-1/2

[Event "TCh-RUS Women 2022"]
[Site "Sochi RUS"]
[Date "2022.05.05"]
[Round "5.1"]
[Board "2"]
[White "Girya, Olga"]
[Black "Nur-Mukhametova, Alisa"]
[Result "1-0"]
[WhiteTitle "GM"]
[BlackTitle "WIM"]
[WhiteElo "2408"]
[BlackElo "2200"]
[WhiteTeam "Yugra (KhMAO - Yugra)"]
[BlackTeam "Ladya (Respublika Tatarstan)"]
[WhiteFideId "4195752"]
[BlackFideId "54117739"]
[EventDate "2022.05.01"]

1. d4 Nf6 2. c4 e6 3. Nf3 d5 4. e3 Be7 5. Nc3 a6 6. b3 O-O 7. Bb2 c5 8. Bd3 Nc6
9. O-O cxd4 10. exd4 dxc4 11. bxc4 b6 12. Rc1 Bb7 13. Re1 Re8 14. h3 Bf8 15. a3
Ne7 16. Nb1 Ng6 17. Nbd2 Rb8 18. a4 Bb4 19. Bc3 Bxc3 20. Rxc3 Qc7 21. Rc1 Red8
22. Qb3 Ne7 23. Qb1 h6 24. Ne4 Nxe4 25. Bxe4 Bxe4 26. Qxe4 Ng6 27. g3 Qd7 28. c5
Qxa4 29. Ra1 Qc4 30. c6 Rbc8 31. Rec1 Qd5 32. Qxd5 Rxd5 33. Rxa6 Rd6 34. Rxb6
Ne7 35. Ne5 f6 36. Nf3 Rcxc6 37. Rcxc6 Nxc6 38. d5 exd5 39. Nd4 Nxd4 40. Rxd6
Ne2+ 41. Kg2 Nc3 42. Kf3 h5 43. h4 Kf7 44. Rd7+ Kg6 45. Ke3 Nd1+ 46. Ke2 Nc3+
47. Kd3 Ne4 48. Ke3 Nc3 49. f3 Kh6 50. Kd2 Na4 51. Rxd5 Nb6 52. Rb5 Nc4+ 53. Kd3
Nd6 54. Rd5 Nf7 55. Ke4 Kg6 56. Ra5 Nd6+ 57. Kf4 Nf7 58. g4 hxg4 59. fxg4 Nd8
60. Ra7 Ne6+ 61. Ke4 Nc5+ 62. Ke3 Ne6 63. Re7 Nf8 64. Kf3 Nh7 65. Re8 Kf7 66.
Ra8 Nf8 67. g5 Ne6 68. Kg4 fxg5 69. hxg5 Kg6 70. Ra6 Kf7 71. Rb6 g6 72. Rb7+ Kf8
73. Rb1 Kf7 74. Rf1+ Kg7 75. Rf6 Nd8 76. Kf4 Nf7 77. Ra6 Kh7 78. Ra1 Kg7 79. Rg1
Kf8 80. Ke4 Ke7 81. Rg2 Ke6 82. Kf4 Ke7 83. Ra2 Kf8 84. Ra7 Kg7 85. Ke4 Kg8 86.
Kd5 Nxg5 87. Ke5 Kf8 88. Kf6 Ne4+ 89. Kxg6 Nd6 90. Rd7 Ne8 91. Rf7+ Kg8 92. Rf2
Nd6 93. Rf1 Ne8 94. Rf3 Nd6 95. Kf6 Ne8+ 96. Ke7 Ng7 97. Rh3 Nf5+ 98. Kf6 Nd6
99. Ke6 Ne8 100. Ke7 Ng7 101. Rh1 Nf5+ 102. Kf6 Nd6 103. Rd1 Ne8+ 104. Ke7 Ng7
105. Rd5 Kh7 106. Kf8 Kg6 107. Rd6+ Kh7 108. Rd7 Kh8 109. Rd1 Ne6+ 110. Kf7 Ng5+
111. Kf6 Nh7+ 112. Kg6 Kg8 113. Rd8+ Nf8+ 114. Kf6 1-0

[Event "TCh-RUS Women 2022"]
[Site "Sochi RUS"]
[Date "2022.05.05"]
[Round "5.1"]
[Board "3"]
[White "Yakimova, Mariya"]
[Black "Garifullina, Leya"]
[Result "1-0"]
[WhiteTitle "WFM"]
[BlackTitle "WGM"]
[WhiteElo "2167"]
[BlackElo "2402"]
[WhiteTeam "Ladya (Respublika Tatarstan)"]
[BlackTeam "Yugra (KhMAO - Yugra)"]
[WhiteFideId "34188859"]
[BlackFideId "34127035"]
[EventDate "2022.05.01"]

1. d4 Nf6 2. c4 e6 3. g3 d5 4. Nf3 Bb4+ 5. Nbd2 dxc4 6. Bg2 O-O 7. O-O b5 8. a4
c6 9. Ne1 Nd5 10. Nc2 Be7 11. e4 Nb6 12. a5 N6d7 13. e5 Bb7 14. b3 cxb3 15. Nxb3
Na6 16. Qg4 Kh8 17. Bb2 Rb8 18. Rad1 Qc8 19. Ne3 Nb4 20. Rd2 Nd5 21. Rc1 Qd8 22.
Rdc2 Rc8 23. Qe2 Nb4 24. Rd2 Qe8 25. f4 Ba6 26. f5 Bg5 27. h4 Bxe3+ 28. Qxe3
exf5 29. Ba3 c5 30. Nxc5 Nxc5 31. Bxb4 Nd7 32. Rxc8 Qxc8 33. Bxf8 Nxf8 34. Kh2
Qd8 35. d5 Qxa5 36. e6 fxe6 37. dxe6 f4 38. Qxf4 1-0

[Event "TCh-RUS Women 2022"]
[Site "Sochi RUS"]
[Date "2022.05.05"]
[Round "5.1"]
[Board "4"]
[White "Kovanova, Baira"]
[Black "Nasyrova, Ekaterina"]
[Result "1-0"]
[WhiteTitle "WGM"]
[BlackTitle "WFM"]
[WhiteElo "2317"]
[BlackElo "2193"]
[WhiteTeam "Yugra (KhMAO - Yugra)"]
[BlackTeam "Ladya (Respublika Tatarstan)"]
[WhiteFideId "4164083"]
[BlackFideId "44157797"]
[EventDate "2022.05.01"]

1. e4 c6 2. d4 d5 3. Nc3 dxe4 4. Nxe4 Nf6 5. Nxf6+ exf6 6. c3 Bd6 7. Bd3 Na6 8.
Qc2 h5 9. Ne2 Nc7 10. O-O Kf8 11. Bf4 Nd5 12. Bxd6+ Qxd6 13. Bf5 g6 14. Bxc8
Rxc8 15. c4 Ne7 16. Rad1 Kg7 17. Nc3 h4 18. h3 Nf5 19. d5 Rhe8 20. Qb3 cxd5 21.
cxd5 b6 22. Qa4 Qe7 23. Rd2 Qb7 24. Rfd1 a6 25. d6 Rcd8 26. Rd5 b5 27. Qf4 Qc6
28. d7 Re7 29. Qf3 Qc7 30. Qd3 Qf4 31. a3 Re5 32. Ne2 Qe4 33. Nc3 Qxd3 34. R5xd3
Re7 35. Na2 a5 36. Rd5 Re5 37. R5d3 Kf8 38. b4 a4 39. Nc3 Ne7 40. f4 Rf5 41. Ne4
Nc6 42. Nd6 Rxf4 43. Nb7 Rb8 44. d8=Q+ Nxd8 45. Nxd8 Rc8 46. Rd7 Ke8 47. Nxf7
Rc2 48. Rb7 Kf8 49. Nh8 1-0